Les 15 plus hauts sommets des Ecrins - Statistiques

Statistiques générales
  • Ce quiz a été pris 29 fois
  • Le résultat moyen est 7 sur 15
Statistiques - réponses
Altitude Sommet % Correct
4101 Barre des Ecrins
89%
3983 La Meije
89%
4009 Dôme de neige des Ecrins
79%
3943 Mont Pelvoux
63%
3913 Pic sans Nom
53%
3954 L'Ailefroide
47%
3809 Le Râteau
47%
3765 Grande Ruine
37%
3775 Pic Coolidge
37%
3881 Pic Gaspard
37%
3730 Roche Faurio
37%
3823 Le Pavé
32%
3699 Le Fifre
11%
3712 Roche Méane
11%
3715 Pic Bourcet
5%
Aucun quiz correspondant
Distribution des résultats
% des personnes avec chaque résultat
Percentile par nombre de réponses
Votre historique - résultats
Vous n’avez pas pris ce quiz